00719 2200229 4500001002100000005001500021035002000036007000300056008004100059020002200100082001000122084001600132100003400148245015600182250001000338260004300348300003500391650001700426700002400443990001100467990001100478INLIS00000000000332720190609103754 a0010-0619000076ta190609 g 0 ind  a978-602-8995-33-7 a297.4 a297.4 IBN s0 aIBNU, Atha Ilah as- Sakandari1 aSeluk Beluk Dzikrullah :bBuku Pegangan Mendaki Jalan Ilahi Menggapai Ketentraman Hati /cIbnu Atha illah as-Sakandari ; Penerjemah, Kaserun AS. Rahman acet.1 aYogyakarta :bPustaka Pesantren,c2018 ax, 228 hlm. :bilus. ;c21 cm. 4aISLAM, FIQIH0 aKASERUN, AS. Rahman a6735 a a6735 b